<?xml version="1.0" encoding="UTF-8"?>
<record
    xmlns:xsi="http://www.w3.org/2001/XMLSchema-instance"
    xsi:schemaLocation="http://www.loc.gov/MARC21/slim http://www.loc.gov/standards/marcxml/schema/MARC21slim.xsd"
    xmlns="http://www.loc.gov/MARC21/slim">

  <leader>02908cam a22002657i 4500</leader>
  <datafield tag="999" ind1=" " ind2=" ">
    <subfield code="c">64271</subfield>
    <subfield code="d">64271</subfield>
  </datafield>
  <controlfield tag="005">20240530110723.0</controlfield>
  <controlfield tag="008">171005s2017    ua h   g b    001 0 eng d</controlfield>
  <datafield tag="020" ind1=" " ind2=" ">
    <subfield code="a">9789774168239</subfield>
  </datafield>
  <datafield tag="040" ind1=" " ind2=" ">
    <subfield code="a">EG-CaGPL</subfield>
    <subfield code="c">EG-CaGPL</subfield>
  </datafield>
  <datafield tag="082" ind1="0" ind2="4">
    <subfield code="a">930.1092 /</subfield>
    <subfield code="b">S M</subfield>
    <subfield code="2">21</subfield>
  </datafield>
  <datafield tag="100" ind1="1" ind2=" ">
    <subfield code="a">Simaika, Samir,</subfield>
    <subfield code="e">author.</subfield>
  </datafield>
  <datafield tag="245" ind1="1" ind2="0">
    <subfield code="a">Marcus Simaika :</subfield>
    <subfield code="b">father of Coptic archaeology /</subfield>
    <subfield code="c">Samir Simaika, Nevine Henein ; introduced by Donald M. Reid.</subfield>
  </datafield>
  <datafield tag="260" ind1=" " ind2=" ">
    <subfield code="a"> :Cairo</subfield>
    <subfield code="b">The American University in Cairo Press,</subfield>
    <subfield code="c">2017</subfield>
  </datafield>
  <datafield tag="300" ind1=" " ind2=" ">
    <subfield code="a">xxii, 201 pages :</subfield>
    <subfield code="b">illustrations ;</subfield>
    <subfield code="c">24 cm</subfield>
  </datafield>
  <datafield tag="504" ind1=" " ind2=" ">
    <subfield code="a">Includes bibliographical references (pages 179-181) and index.</subfield>
  </datafield>
  <datafield tag="600" ind1="1" ind2="0">
    <subfield code="a">Simaykah, Murqus,</subfield>
    <subfield code="d">1864-1944.</subfield>
  </datafield>
  <datafield tag="651" ind1=" " ind2=" ">
    <subfield code="2">qrmak</subfield>
  </datafield>
  <datafield tag="700" ind1="1" ind2=" ">
    <subfield code="a">Henein, Nevine,</subfield>
    <subfield code="e">author.</subfield>
  </datafield>
  <datafield tag="700" ind1="1" ind2=" ">
    <subfield code="a">Reid, Donald M.</subfield>
    <subfield code="q">(Donald Malcolm),</subfield>
    <subfield code="d">1940-</subfield>
    <subfield code="e">contributor.</subfield>
  </datafield>
  <datafield tag="942" ind1=" " ind2=" ">
    <subfield code="2">ddc</subfield>
    <subfield code="c">BK</subfield>
  </datafield>
  <datafield tag="505" ind1="0" ind2=" ">
    <subfield code="a">The Simaika family tree -- Chronology -- Acknowledgments -- Preface -- List of illustrations. Introduction / Donald M. Reid. Part 1 The early years : Cairo -- A love of learning -- A prominent family. Part 2 Service to government and nation : The state railways -- Education and legislation : The Superior Council of Education -- The Legislative COuncil and the Legislative Assembly -- Simaika and the British administrator : Lord Cromer (1883-1907) -- Sir Eldon Gorst (1907-11) -- Field Marshal Lord Kitchener (1911-14) -- Sir Henry McMahon (1914-17) -- Sir Reginald Wingate (1917-19) -- Lord Allenby (1919-25) -- Lord Lloyd (1925-29). Part 3 Service to the Coptic church and community : An ancient church : Monks and missionaries -- The Copts after the Arab conquests -- The rise of Coptic notables -- The patriarchs : Cyril IV (1854-61) -- Cyril V (1874-1927) -- Yohannes XIX (1928-42) -- The awakening of the Coptic church -- Al-Majlis al-Milli -- The Coptic and Ethiopian dispute over Deir al-Sultan in Jerusalem -- Travels in Sudan. Part 4 The Coptic Museum and heritage preservation : A crumbling heritage -- The Committee for the Preservation of Arab Art -- A new museum : The Mu'allaqa Church -- The Coptic Museum -- A state institution -- Searching for iniquities, saving libraries -- Recognition. Appendix: some Coptic social customs -- Selected bibliography -- Notes -- Index.</subfield>
  </datafield>
  <datafield tag="520" ind1=" " ind2=" ">
    <subfield code="a">Draws upon Simaika's unpublished memoirs as well as on other documents and photographs from the Simaika family archive to deepen our understanding of several important themes of modern Egyptian history: the development of Coptic archaeology and heritage studies, Egyptian-British interactions during the colonial and semi-colonial eras, shifting balances in the interaction of clergymen and the lay Coptic community, and the ever-sensitive evolution of relations between Copts and their Muslim compatriots--</subfield>
  </datafield>
  <datafield tag="906" ind1=" " ind2=" ">
    <subfield code="a">7</subfield>
    <subfield code="b">cbc</subfield>
    <subfield code="c">copycat</subfield>
    <subfield code="d">2</subfield>
    <subfield code="e">ncip</subfield>
    <subfield code="f">20</subfield>
    <subfield code="g">y-gencatlg</subfield>
  </datafield>
  <datafield tag="952" ind1=" " ind2=" ">
    <subfield code="0">0</subfield>
    <subfield code="1">0</subfield>
    <subfield code="4">0</subfield>
    <subfield code="7">0</subfield>
    <subfield code="a">CAI</subfield>
    <subfield code="b">CAI</subfield>
    <subfield code="c">MAIN-LIBRARY</subfield>
    <subfield code="d">2018-04-05</subfield>
    <subfield code="l">0</subfield>
    <subfield code="o">930.1092 / S M</subfield>
    <subfield code="p">164431</subfield>
    <subfield code="r">2018-04-05 00:00:00</subfield>
    <subfield code="w">2018-04-05</subfield>
    <subfield code="y">BK</subfield>
  </datafield>
</record>
